Normal view MARC view

Entry Topical Term

Number of records used in: 1

001 - CONTROL NUMBER

  • control field: 55219

003 - CONTROL NUMBER IDENTIFIER

  • control field: dpl

005 - DATE AND TIME OF LATEST TRANSACTION

  • control field: 20130222144009.0

008 - FIXED-LENGTH DATA ELEMENTS

  • fixed length control field: 130222|||a|||||| | ||| d

040 ## - CATALOGING SOURCE

  • Original cataloging agency: dpl
  • Transcribing agency: dpl

150 ## - HEADING--TOPICAL TERM

  • Topical term or geographic name as entry element: Chemical process control
  • General subdivision: Simulation methods

670 ## - SOURCE DATA FOUND

  • Source citation: Work cat.: (dpl)66588: Jana, Amiya K. 55217, Process simulation and control using Aspen /, 2012

670 ## - SOURCE DATA FOUND

  • Source citation: Work cat.: (dpl)66588: Jana, Amiya K. 55217, Process simulation and control using Aspen /, 2012

© Delhi Public Library
Hit Counter
free hit counter